000 00976nam a2200313 i 4500
001 bg
100 1 _aGraves, Robert
_d(1895-1985).
245 1 0 _aJa, Klaudiusz /
_cRobert Graves ; przekł. Stefan Essmanowski.
246 1 _iTyt. oryg.:
_aI, Claudius
260 _aKraków :
_b"Mediasat Poland",
_c[2004].
300 _a413, [2] s. ;
_c22 cm.
490 1 _aKolekcja Gazety Wyborczej : XX wiek ;
_v10
500 _aTyt. oryg.: "I, Claudius" 1934. Stanowi cz. 1 cyklu.
600 0 9 _aKlaudiusz
_c(cesarz rzymski ;
_d10 a.C.-54)
650 9 _aPowieść angielska
_y20 w.
655 _abeletrystyka
700 1 _aEssmanowski, Stefan
_d(1898-1942).
_eTł.
830 0 _aKolekcja Gazety Wyborczej ;
_v10
020 _a8389651599
020 _a8497895487
040 _cBPK
041 1 _apol
_heng
044 _aPOL
080 _a821.111-3:929-052A/Z
920 _a83-89651-59-9
920 _a84-9789-548-7
942 _cKS
008 s pl f |000 0 pol
999 _c55647
_d55647
856 _uhttp://koha.tu.koszalin.pl/cgi-bin/koha/opac-detail.pl?biblionumber=55647
_yKatalog online BPK